000 00368nam a2200133Ia 4500
008 240624s9999 xx 000 0 und d
041 _aeng
082 _a658.4012 JON
100 _aJONES RICHARD A D
245 _aSTRATEGY GENIUS 40 INSIGHTS FROM THE SCI
260 _c2015
_aNew Delhi
_bJohn Murray Learning
300 _axvi, : 240 : p. : cm. ; 21
365 _cRS
_b30
999 _c26865
_d26865